[Event "Festa da Uva quad"]
[Site "Caxias do Sul"]
[Date "2016.02.??"]
[Round "1"]
[White "Rodriguez, Andres1"]
[Black "Mekhitarian, Krikor Sevag"]
[Result "0-1"]
[WhiteElo "2496"]
[BlackElo "2559"]
[PlyCount "82"]
[EventDate "2016.02.11"]
[EventType "tourn (rapid)"]
[EventRounds "6"]
[EventCountry "BRA"]
[SourceTitle "EXT 2018"]
[Source "ChessBase"]
[SourceDate "2017.10.13"]
[SourceVersion "1"]
[SourceVersionDate "2017.10.13"]
[SourceQuality "1"]
[TimeControl "40/5400+30:1800+30"]

1. e4 c5 2. Nc3 e6 3. Nf3 Nc6 4. g3 d5 5. d3 Nf6 6. Bg2 dxe4 7. Nxe4 Nxe4 8.
dxe4 Qxd1+ 9. Kxd1 b6 10. c3 Ba6 11. Bf4 $146 (11. Kc2 O-O-O 12. Bf1 Bb7 13.
Be2 Be7 14. Be3 Rd7 15. Rhd1 Rhd8 16. Rxd7 Rxd7 17. Rd1 Rxd1 18. Kxd1 Kd7 19.
Nd2 Bd6 20. f4 Bc7 21. Bd3 Ne7 22. Ke2 f5 23. a3 g6 24. Bf2 Bc6 25. b4 cxb4 26.
cxb4 Bd6 27. Bd4 Bb7 28. Ke3 fxe4 29. Bxe4 Nf5+ 30. Kd3 Ba6+ 31. Kc3 Nxd4 32.
Kxd4 Bf8 33. Bd3 Bg7+ 34. Ke3 Bb7 35. Be4 Ba6 36. Bd3 Bb7 37. Be4 {1/2-1/2 (37)
Pridorozhni,A (2575)-Lintchevski,D (2562) St Petersburg 2015}) 11... O-O-O+ 12.
Kc1 Be7 $32 {[%csl Ra1,Rc1]} 13. e5 (13. Rd1) (13. Bf1 Bb7 14. Bb5 a6 15. Bxc6
Bxc6 16. Nd2 g5 17. Be3 h5 18. Kc2 h4 $36) 13... h6 14. h4 Bc4 15. h5 Bd5 16.
Re1 c4 17. Kc2 g5 18. hxg6 fxg6 19. Nh4 g5 20. Bxd5 exd5 21. Ng6 gxf4 22. Nxh8
Rxh8 23. gxf4 Rf8 24. Rad1 Rxf4 25. Rxd5 Rxf2+ 26. Rd2 Rxd2+ 27. Kxd2 Kd7 28.
Re4 b5 29. a4 a6 30. axb5 axb5 31. e6+ Kd6 32. Ke3 Bg5+ 33. Kf3 Ne5+ 34. Kg3
Kxe6 35. Rd4 Bc1 36. Rd8 Bxb2 37. Rb8 Bxc3 38. Rxb5 Bd2 39. Kh4 c3 40. Rc5 Kd6
41. Rc8 Nc6 0-1

[Event "Festa da Uva quad"]
[Site "Caxias do Sul"]
[Date "2016.02.??"]
[Round "2"]
[White "Milos, Gilberto"]
[Black "Mekhitarian, Krikor Sevag"]
[Result "0-1"]
[WhiteElo "2589"]
[BlackElo "2559"]
[PlyCount "104"]
[EventDate "2016.02.11"]
[EventType "tourn (rapid)"]
[EventRounds "6"]
[EventCountry "BRA"]
[SourceTitle "EXT 2018"]
[Source "ChessBase"]
[SourceDate "2017.10.13"]
[SourceVersion "1"]
[SourceVersionDate "2017.10.13"]
[SourceQuality "1"]
[TimeControl "40/5400+30:1800+30"]

1. d4 Nf6 2. Nf3 e6 3. c4 d5 4. Nc3 Bb4 5. Bg5 h6 6. Bxf6 Qxf6 7. Qa4+ Nc6 8.
e3 O-O 9. Be2 Bd7 10. Qb3 dxc4 11. Bxc4 (11. Qxc4 Qg6 12. O-O Bd6 13. Rac1 Na5
14. Qd3 Qxd3 15. Bxd3 Nc6 16. Rfd1 Rfd8 17. a3 Be8 18. Ne4 Ne7 19. h4 Nd5 20.
g4 Be7 21. Kf1 Rac8 22. Ke2 Nf6 23. Nxf6+ gxf6 24. b4 a5 25. bxa5 Bxa3 26. Ra1
Bb4 27. Nd2 c5 28. Ne4 Kg7 29. Nxc5 Bxc5 30. dxc5 Rxc5 31. Be4 Ra8 32. Bxb7
Raxa5 33. Rxa5 Rxa5 {1/2-1/2 (33) Ni,H (2696)-Yu,Y (2734) Taizhou 2015}) 11...
Bd6 12. Be2 e5 13. Ne4 $146 (13. dxe5 Nxe5 14. O-O Nxf3+ 15. Bxf3 Qe5 16. g3
Rab8 17. Rfd1 Be6 18. Bd5 Bg4 19. Rd4 Qh5 20. Qa4 b5 21. Qb3 c5 22. Rd2 c4 23.
Qc2 b4 24. Ne4 c3 25. bxc3 bxc3 26. Nxc3 Be5 27. Rd3 Rfc8 28. e4 Rc7 29. Re1
Rbc8 30. Ree3 Bh3 31. f3 Qg6 {0-1 (31) Mayer,P (2136)-Vuilleumier,A (2324)
Sautron 2013}) 13... Qg6 14. Nxd6 cxd6 15. dxe5 dxe5 16. O-O e4 $132 17. Ne1
Rab8 18. Rd1 Be6 19. Qa4 a6 20. g3 $6 {[%csl Rf3]} Ne5 $17 {[%cal Ge5d3,Ge5f3,
Ge5g4,Ge6g4]} 21. Ng2 Bg4 22. Nf4 Qf5 23. Bxg4 Nxg4 24. Rd5 Ne5 25. Rfd1 Rfe8
26. Ne2 Qg4 27. Nd4 b5 28. Qc2 Rbc8 29. Qe2 Qxe2 30. Nxe2 Rc2 31. Nc3 Rxb2 32.
Nxe4 Rxa2 33. Nd6 Re6 34. Nb7 Kh7 35. Nc5 Re7 36. h3 Nc4 37. Rd7 Rxd7 38. Rxd7
Kg6 39. Ra7 b4 40. Rb7 a5 41. h4 h5 42. e4 Rc2 43. Nd3 Nd2 44. Ne5+ Kf6 45.
Nxf7 Nxe4 46. f3 Nxg3 47. Ng5 Nf5 48. Rb6+ Ke5 49. Rb5+ Kf4 50. Rxa5 Nxh4 51.
Ne6+ Kg3 52. Kf1 Nxf3 0-1

[Event "Festa da Uva quad"]
[Site "Caxias do Sul"]
[Date "2016.02.??"]
[Round "4"]
[White "Mekhitarian, Krikor Sevag"]
[Black "Rodriguez, Andres1"]
[Result "1-0"]
[WhiteElo "2559"]
[BlackElo "2496"]
[PlyCount "137"]
[EventDate "2016.02.11"]
[EventType "tourn (rapid)"]
[EventRounds "6"]
[EventCountry "BRA"]
[SourceTitle "EXT 2018"]
[Source "ChessBase"]
[SourceDate "2017.10.13"]
[SourceVersion "1"]
[SourceVersionDate "2017.10.13"]
[SourceQuality "1"]
[TimeControl "40/5400+30:1800+30"]

1. e4 e6 2. d4 d5 3. Nc3 Nc6 4. Nf3 Bb4 5. e5 f5 (5... Nge7 6. a3 Bxc3+ 7. bxc3
b6 8. a4 Qd7 9. Ba3 Bb7 10. Bb5 a6 11. Bd3 h6 12. O-O O-O-O 13. Qe2 a5 14. Nd2
Kb8 15. Rab1 Na7 16. Nb3 Ka8 17. Rb2 Ng6 18. Ba6 Bxa6 19. Qxa6 Qxa4 20. Ra1 Qc4
21. Qxc4 dxc4 22. Nd2 Nxe5 23. f4 Ng6 24. g3 e5 25. f5 exd4 26. Nxc4 dxc3 27.
Rb3 Nf8 28. Ne5 Rd5 29. Nxf7 Rg8 30. Rxc3 Nb5 31. Re3 Nd7 32. Bb2 Rxf5 33. Re7
Rf8 34. Rf1 Rxf1+ 35. Kxf1 {Chu,W (2315)-Wang,C (2513) Sharjah 2014 1-0}) 6.
Bd3 Nge7 $146 (6... Bxc3+ 7. bxc3 Nge7 8. c4 dxc4 9. Bxc4 Na5 10. Be2 b6 11.
Bd2 Nac6 12. c3 h6 13. O-O a5 14. Qb3 a4 15. Qc2 Ba6 16. Bxa6 Rxa6 17. Rfd1 b5
18. c4 bxc4 19. Qxc4 Qc8 20. Ne1 Kf7 21. Nd3 Rd8 22. Nc5 Ra7 23. Be1 a3 24.
Rac1 Rd5 25. Bc3 Qd8 26. h3 Nxe5 27. Qe2 Qc8 28. Re1 N7g6 29. Qh5 Rxc5 30. dxc5
Nd3 31. Rcd1 Nxe1 32. c6 e5 33. Rd7+ Kf6 34. f4 Nd3 35. g4 Ne7 36. Qh4+ {
Negulescu,A (2452)-Shliperman,I (2442) New York 1999 1-0}) 7. O-O O-O 8. Ne2 $5
{[%cal Gc2c3,Ge2f4]} Ng6 9. c3 Be7 10. g3 Bd7 11. Be3 (11. h4 {[%csl Rg6][%cal
Gh4h5]}) 11... Nh8 12. Qd2 Nf7 {[%cal Gg7g5]} 13. h4 $1 Qe8 14. Kg2 $1 {
[%cal Gf1h1]} Ncd8 15. Rh1 $36 Bb5 16. Nf4 Nh6 17. Bxb5 Qxb5 18. Ng5 Qd7 19. f3
b6 20. Rac1 Rc8 21. c4 dxc4 22. Rxc4 c6 23. Rhc1 Nhf7 24. Nxf7 Rxf7 25. Qc2 Bf8
26. Qb3 g6 27. R4c2 Bh6 28. d5 Bxf4 29. dxc6 Nxc6 30. Bxf4 Rff8 31. Rd2 Qf7 32.
Rd6 Na5 33. Qxe6 Rxc1 34. Bxc1 Re8 35. Qxf7+ Kxf7 36. Bg5 Rxe5 37. Rd7+ Ke6 38.
Rxh7 Re2+ 39. Kh3 Rxb2 40. Rxa7 Nc6 41. Rg7 Ne5 42. g4 fxg4+ 43. fxg4 Rxa2 44.
Bf4 Ra3+ 45. Kg2 Ra2+ 46. Kh3 Ra3+ 47. Bg3 b5 48. Rb7 Rb3 49. h5 gxh5 50. gxh5
Nf7 51. h6 Kf6 52. h7 Ng5+ 53. Kg4 Nxh7 54. Rxh7 b4 55. Rb7 Rb1 56. Rb6+ Ke7
57. Kf5 Rf1+ 58. Bf4 Rb1 59. Rb7+ Kd8 60. Ke6 Re1+ 61. Be5 Rc1 62. Rxb4 Rc6+
63. Bd6 Rc2 64. Rb8+ Rc8 65. Rb3 Rc1 66. Kd5 Rd1+ 67. Kc6 Rc1+ 68. Bc5 Re1 69.
Rb8# 1-0

[Event "Festa da Uva quad"]
[Site "Caxias do Sul"]
[Date "2016.02.??"]
[Round "5"]
[White "Mekhitarian, Krikor Sevag"]
[Black "Milos, Gilberto"]
[Result "1/2-1/2"]
[WhiteElo "2559"]
[BlackElo "2589"]
[PlyCount "165"]
[EventDate "2016.02.11"]
[EventType "tourn (rapid)"]
[EventRounds "6"]
[EventCountry "BRA"]
[SourceTitle "EXT 2018"]
[Source "ChessBase"]
[SourceDate "2017.10.13"]
[SourceVersion "1"]
[SourceVersionDate "2017.10.13"]
[SourceQuality "1"]
[TimeControl "40/5400+30:1800+30"]

1. e4 e5 2. Nf3 Nc6 3. Bb5 a6 4. Ba4 Nf6 5. O-O Nxe4 6. d4 b5 7. Bb3 d5 8. dxe5
Be6 9. Nbd2 Nc5 10. c3 Nxb3 11. Nxb3 Be7 12. Nfd4 Nxd4 13. cxd4 a5 14. Be3 (14.
Qc2 Qd7 15. Be3 Bf5 16. Qc1 h6 17. Nc5 Qc6 18. Qd1 Qg6 19. Rc1 O-O 20. Bf4 h5
21. f3 a4 22. Kh1 Rfe8 23. Qd2 c6 24. Nb7 Bd7 25. Rfe1 Bf8 26. Nd6 Re6 27. h3
Bxd6 28. exd6 Rae8 29. Re5 f6 30. Rxe6 Rxe6 31. Re1 Qe8 32. Rxe6 Qxe6 33. h4
Kf7 34. Kh2 Qf5 35. Bg3 Qe6 36. Qa5 Qe8 37. Qc7 Ke6 38. a3 Kf7 39. Bf4 Qe6 40.
Bd2 Ke8 41. Ba5 Kf7 42. Bd2 Ke8 43. Kg3 Kf7 {Efimenko,Z (2654)-Short,N (2706)
Mukachevo 2009 1/2-1/2}) 14... a4 15. Nc1 O-O 16. Nd3 Bf5 17. Rc1 Ra6 18. Qd2
Qd7 19. f3 h6 $146 (19... Rc6 20. Rxc6 Qxc6 21. Rc1 Qd7 22. Nb4 Bxb4 23. Qxb4
c6 24. Qc5 Rc8 25. Bd2 h5 26. Kf2 Qd8 27. Be3 Qf8 28. Qxf8+ Kxf8 29. Bd2 Ke7
30. h3 Kd7 31. g4 Bg6 32. Bb4 Rh8 33. Kg3 Bd3 34. Rd1 Bc2 35. Re1 Bd3 36. Rd1
Bc2 37. Ra1 Bd3 38. b3 Bc2 39. bxa4 bxa4 40. Rc1 Bd3 41. a3 Bc4 42. Re1 Ke6 43.
f4 hxg4 44. hxg4 g6 45. Rc1 Bb5 46. Rc3 Rh1 47. Rf3 Rf1 48. f5+ gxf5 49. gxf5+
{Pruijssers,R (2483)-Van den Doel,E (2574) Netherlands 2010 1/2-1/2 (63)}) 20.
Nc5 Bxc5 21. Rxc5 $14 {[%csl Rc7]} Rg6 {[%cal Gf5h3]} 22. Rf2 c6 23. Qb4 f6 $1
24. Bf4 fxe5 25. Bxe5 Re8 26. Rc1 Qf7 27. Qd2 h5 28. Qf4 Bd3 29. Qe3 Bf5 30.
Qf4 Bd3 31. Qxf7+ Kxf7 32. Rc3 Bb1 33. a3 Rge6 34. g3 g6 35. Kg2 g5 36. Rf1 Bf5
$11 37. Rfc1 Rc8 38. h3 g4 39. fxg4 hxg4 40. h4 Be4+ 41. Kf2 Ke7 42. Ke3 Kd7
43. Rf1 Bf3 44. Kf4 Rf8+ 45. Ke3 Rf5 46. Rcc1 Rexe5+ 47. dxe5 Rxe5+ 48. Kf4
Re4+ 49. Kg5 d4 50. h5 Re5+ 51. Kh4 c5 52. h6 Kd6 53. Rce1 Be4 54. Rf4 Bc2 55.
Rxe5 Kxe5 56. Kxg4 c4 57. Kg5 c3 58. bxc3 dxc3 59. Rf3 Kd4 60. Rf8 Bd3 61. Rd8+
Ke3 62. Re8+ Kd2 63. Rd8 c2 64. h7 c1=Q 65. h8=Q Qc5+ 66. Kf4 Qxa3 67. Qe5 Qb4+
68. Kf3 Qc3 69. Qe2+ Kc1 70. Rxd3 Qc6+ 71. Kf2 Qc5+ 72. Kg2 Qc6+ 73. Kh2 Qc2
74. Qxc2+ Kxc2 75. Rd5 b4 76. g4 b3 77. g5 b2 78. Rc5+ Kd3 79. Rb5 a3 80. g6 a2
81. g7 b1=Q 82. Rxb1 axb1=Q 83. g8=Q 1/2-1/2

[Event "Festa da Uva playoff1"]
[Site "Caxias do Sul"]
[Date "2016.02.12"]
[Round "1"]
[White "Topalov, Veselin"]
[Black "Mekhitarian, Krikor Sevag"]
[Result "1/2-1/2"]
[WhiteElo "2760"]
[BlackElo "2559"]
[PlyCount "89"]
[EventDate "2016.02.12"]
[EventType "match"]
[EventRounds "2"]
[EventCountry "BRA"]
[SourceTitle "EXT 2018"]
[Source "ChessBase"]
[SourceDate "2017.10.13"]
[SourceVersion "1"]
[SourceVersionDate "2017.10.13"]
[SourceQuality "1"]
[TimeControl "900+5"]

1. e4 e5 2. Nf3 Nc6 3. Bc4 Bc5 4. c3 Nf6 5. d3 a6 6. O-O d6 7. Bb3 h6 8. Re1
O-O 9. Nbd2 Ba7 10. h3 Re8 11. Nf1 Be6 12. Bc2 d5 13. exd5 Bxd5 (13... Nxd5 14.
Ng3 Qd6 15. Nh4 Qd7 16. Qf3 Qe7 17. Nhf5 Qf8 18. Bb3 Rad8 19. Nh5 Bxf5 20. Qxf5
Nde7 21. Qf3 Ng6 22. Re4 Na5 23. Bc2 f5 24. Re1 Kh8 25. Ng3 Nh4 26. Qh5 Qf6 27.
d4 e4 28. Bf4 Bb6 29. Qe2 Nc6 30. Nh5 Qf8 31. Bg3 Ng6 32. Qe3 Re7 33. b4 Rde8
34. Bb3 Nce5 35. Bxe5 Nxe5 36. Nf4 Kh7 37. Nd5 Nd3 38. Nxe7 Nxe1 39. Nxf5 Nxg2
40. Kxg2 Qxf5 41. Bc2 Kh8 42. Re1 Qf7 43. Bxe4 {Giri,A (2778)-So,W (2767)
Bilbao 2015 1/2-1/2 (98)}) 14. Ng3 Qd7 15. Be3 Bxe3 16. Rxe3 Re7 17. Qe2 Rae8
18. a3 $146 (18. Re1 g6 19. a4 a5 20. Qd2 Kg7 21. Nh4 Be6 22. Rf3 Nh7 23. Nh5+
gxh5 24. Rg3+ Kh8 25. Qxh6 Rg8 26. d4 f5 27. Ng6+ Rxg6 28. Rxg6 Bd5 29. Kh2 e4
30. Re3 Rg7 31. Rxg7 Qxg7 32. Qxh5 Qg5 33. Qe8+ Qg8 34. Qd7 f4 35. Re1 f3 36.
g3 Nf6 37. Qxc7 Qg5 38. Qf4 Qxf4 39. gxf4 Kg7 40. Rg1+ Kf7 41. Rg5 Nd8 42. Kg3
Ne6 43. Re5 Ng7 44. Rxd5 Nxd5 45. Bxe4 Nh5+ 46. Kxf3 Ndxf4 47. Bxb7 Nd3 {
Zhigalko,S (2682)-Kabanov,N (2486) Khanty-Mansiysk 2012 1-0}) 18... g6 19. Re1
Kg7 20. Qd1 h5 $1 {[%csl Rg3]} 21. Qe2 Qd6 22. Ne4 {La poussée h5 menaçant
le Ng3 a forcé les Blancs à joeur Ne4 et après l'échange les pièces
lourdes Blanches seront mal placées} Bxe4 23. dxe4 Rd7 $132 {[%csl Re1,Re2,
Re3]} 24. b4 Qe7 (24... Red8) 25. Bb3 Nd8 26. Qa2 Nh7 27. a4 c6 28. Nd2 Ne6 29.
Bxe6 Qxe6 30. Qxe6 Rxe6 31. Nb3 Ree7 32. Nc5 Rd8 33. Rd3 Rxd3 34. Nxd3 Nf8 35.
Kf1 Kf6 36. h4 Ne6 37. g3 Rc7 38. Rb1 Rd7 39. Ke2 Rc7 40. a5 c5 41. b5 c4 42.
Nb4 Rc5 43. bxa6 bxa6 44. Nxa6 Rxa5 45. Nb4 1/2-1/2

[Event "Pocos de Caldas op"]
[Site "Pocos de Caldas"]
[Date "2016.02.26"]
[Round "1"]
[White "Bonvini, Alberto Tonhati"]
[Black "Mekhitarian, Krikor Sevag"]
[Result "0-1"]
[WhiteElo "1822"]
[BlackElo "2563"]
[PlyCount "60"]
[EventDate "2016.02.26"]
[EventType "swiss"]
[EventRounds "6"]
[EventCountry "BRA"]
[SourceTitle "CBM 171 Extra"]
[Source "ChessBase"]
[SourceDate "2016.04.26"]
[SourceVersion "1"]
[SourceVersionDate "2016.04.26"]
[SourceQuality "1"]

1. e4 c5 2. Nc3 Nc6 3. g3 g6 4. Bg2 Bg7 5. d3 d6 6. f4 e6 7. Nf3 Nge7 8. O-O
O-O 9. Rb1 b6 10. h3 Bb7 11. g4 f5 12. gxf5 exf5 13. Ng5 Qd7 14. exf5 Nxf5 15.
Bd5+ Kh8 16. Nce4 Rae8 17. c3 h6 18. Nf3 Nfe7 19. Bxc6 Bxc6 20. Kh2 Nf5 21. Ng3
Qe6 22. a3 Kh7 23. Qd2 Nxg3 24. Kxg3 g5 25. Qf2 gxf4+ 26. Kh2 Qe2 27. Ng1 Qxd3
28. Bd2 Qd5 29. Bxf4 Rxf4 30. Qxf4 Qg2# 0-1

[Event "Pocos de Caldas op"]
[Site "Pocos de Caldas"]
[Date "2016.02.26"]
[Round "2"]
[White "Mekhitarian, Krikor Sevag"]
[Black "Deus Filho, Joaquim"]
[Result "1-0"]
[WhiteElo "2563"]
[BlackElo "1995"]
[PlyCount "61"]
[EventDate "2016.02.26"]
[EventType "swiss"]
[EventRounds "6"]
[EventCountry "BRA"]
[SourceTitle "CBM 171 Extra"]
[Source "ChessBase"]
[SourceDate "2016.04.26"]
[SourceVersion "1"]
[SourceVersionDate "2016.04.26"]
[SourceQuality "1"]

1. Nf3 d5 2. d4 c6 3. c4 e6 4. g3 Bd6 5. Bg2 Nf6 6. Nbd2 Nbd7 7. O-O O-O 8. Qc2
e5 9. cxd5 Nxd5 10. Nc4 Qe7 11. Nxd6 Qxd6 12. e4 N5f6 13. Rd1 exd4 14. Bf4 Qb4
15. Rxd4 Qa5 16. Bd6 Re8 17. e5 Nd5 18. Ng5 g6 19. Nf3 Ne7 20. Ra4 Qb6 21. Re1
Nf8 22. Ng5 Bf5 23. Qc1 h5 24. Rb4 Qa6 25. Bf1 b5 26. a4 Nd5 27. axb5 Qa5 28.
Rd4 f6 29. bxc6 Nb6 30. b4 Qa4 31. exf6 1-0

[Event "Pocos de Caldas op"]
[Site "Pocos de Caldas"]
[Date "2016.02.27"]
[Round "3"]
[White "Crespo de Oliveira, Lucas"]
[Black "Mekhitarian, Krikor Sevag"]
[Result "0-1"]
[WhiteElo "2182"]
[BlackElo "2563"]
[PlyCount "166"]
[EventDate "2016.02.26"]
[EventType "swiss"]
[EventRounds "6"]
[EventCountry "BRA"]
[SourceTitle "CBM 171 Extra"]
[Source "ChessBase"]
[SourceDate "2016.04.26"]
[SourceVersion "1"]
[SourceVersionDate "2016.04.26"]
[SourceQuality "1"]

1. e4 e5 2. Nf3 Nc6 3. Bc4 Bc5 4. c3 Nf6 5. d4 exd4 6. e5 d5 7. Be2 Ne4 8. cxd4
Bb6 9. O-O O-O 10. Nc3 Be6 11. Be3 f6 12. exf6 Qxf6 13. Qd3 Rae8 14. Nxe4 dxe4
15. Qxe4 Bxa2 16. Qc2 Bd5 17. Ng5 g6 18. Bc4 Qf5 19. Qb3 Rd8 20. Rad1 Nxd4 21.
Bxd5+ Qxd5 22. Qa4 c5 23. h4 h6 24. Bxd4 cxd4 25. Nf3 Rfe8 26. Rd3 Re4 27. Rfd1
Kg7 28. b3 Qc6 29. Qa1 Qf6 30. Qc1 Rd5 31. Qc4 Rd7 32. Qc2 Rf7 33. Qd2 Rf4 34.
Re1 g5 35. hxg5 hxg5 36. Re2 g4 37. Ne5 Re7 38. g3 Rxf2 39. Rxf2 Qxe5 40. Rf4
Qe1+ 41. Qxe1 Rxe1+ 42. Kf2 Rb1 43. Rxg4+ Kf6 44. Re4 Bc5 45. Rf3+ Kg6 46. Re6+
Kg7 47. Re5 b6 48. Ke2 Rb2+ 49. Kd1 Bb4 50. Rd5 Bc3 51. Rd7+ Kg6 52. Rxa7 b5
53. Rb7 Rxb3 54. Kc2 Rb2+ 55. Kd3 Rd2+ 56. Ke4 b4 57. Rb6+ Kg5 58. Rf5+ Kg4 59.
Rg6+ Kh3 60. Rb5 Rd1 61. Rd6 Kg2 62. g4 Kf2 63. Rxb4 Bxb4 64. Rxd4 Re1+ 65. Kf5
Bc3 66. Rd3 Re5+ 67. Kf4 Rc5 68. g5 Be5+ 69. Kg4 Ke2 70. Rb3 Bc3 71. Rb6 Bd2
72. Re6+ Be3 73. g6 Rg5+ 74. Kh4 Rg2 75. Kh5 Kf3 76. Rxe3+ Kxe3 77. Kh6 Kf4 78.
g7 Kf5 79. Kh7 Rh2+ 80. Kg8 Kg6 81. Kf8 Rf2+ 82. Kg8 Rf3 83. Kh8 Rh3+ 0-1

[Event "Pocos de Caldas op"]
[Site "Pocos de Caldas"]
[Date "2016.02.27"]
[Round "4"]
[White "Mekhitarian, Krikor Sevag"]
[Black "Aranha Filho, Alvaro Zimmermann"]
[Result "1-0"]
[WhiteElo "2563"]
[BlackElo "2324"]
[PlyCount "55"]
[EventDate "2016.02.26"]
[EventType "swiss"]
[EventRounds "6"]
[EventCountry "BRA"]
[SourceTitle "CBM 171 Extra"]
[Source "ChessBase"]
[SourceDate "2016.04.26"]
[SourceVersion "1"]
[SourceVersionDate "2016.04.26"]
[SourceQuality "1"]

1. e4 Nf6 2. e5 Nd5 3. d4 d6 4. Nf3 dxe5 5. Nxe5 c6 6. Bd3 Nd7 7. Nf3 N7f6 8.
h3 Nb4 9. Bc4 Bf5 10. Bb3 e6 11. a3 Nbd5 12. c4 Nb6 13. Nc3 Ne4 14. Ne2 Be7 15.
g4 Bg6 16. Nf4 Ng5 17. Nxg6 hxg6 18. Be3 Nd7 19. d5 exd5 20. cxd5 Ne4 21. dxc6
bxc6 22. Kf1 O-O 23. Qc2 Ndc5 24. Bc4 Bf6 25. Rd1 Qe7 26. Re1 Qc7 27. b4 Rab8
28. bxc5 1-0

[Event "Sao Paulo Freitas op 2nd"]
[Site "Sao Paulo"]
[Date "2016.04.15"]
[Round "1"]
[White "Batezelli, Alessandro"]
[Black "Mekhitarian, Krikor Sevag"]
[Result "0-1"]
[WhiteElo "1927"]
[BlackElo "2570"]
[PlyCount "68"]
[EventDate "2016.04.15"]
[EventType "swiss"]
[EventRounds "6"]
[EventCountry "BRA"]
[SourceTitle "CBM 171 Extra"]
[Source "ChessBase"]
[SourceDate "2016.04.26"]
[SourceVersion "1"]
[SourceVersionDate "2016.04.26"]
[SourceQuality "1"]

1. e4 c5 2. Nc3 Nc6 3. f4 g6 4. Nf3 Bg7 5. Bc4 e6 6. f5 Nge7 7. fxe6 dxe6 8. d3
O-O 9. Bg5 h6 10. Be3 Nd4 11. Qd2 Nec6 12. O-O-O Kh7 13. h4 Rb8 14. h5 g5 15.
Rdf1 b5 16. Bb3 a5 17. a4 Nxb3+ 18. cxb3 Nb4 19. Nxb5 Ba6 20. Kb1 Qxd3+ 21.
Qxd3 Nxd3 22. e5 Bxb5 23. axb5 Rxb5 24. Kc2 Nxe5 25. Nd2 Ng4 26. Bg1 a4 27. Rh3
f5 28. Rd3 Rfb8 29. Rd6 axb3+ 30. Kb1 Ra5 31. Rxe6 Ra2 32. Rxf5 Rxb2+ 33. Kc1
Rc2+ 34. Kd1 Rd8 0-1

[Event "Sao Paulo Freitas op 2nd"]
[Site "Sao Paulo"]
[Date "2016.04.15"]
[Round "2"]
[White "Mekhitarian, Krikor Sevag"]
[Black "Deus Filho, Joaquim"]
[Result "1-0"]
[WhiteElo "2570"]
[BlackElo "2030"]
[PlyCount "47"]
[EventDate "2016.04.15"]
[EventType "swiss"]
[EventRounds "6"]
[EventCountry "BRA"]
[SourceTitle "CBM 171 Extra"]
[Source "ChessBase"]
[SourceDate "2016.04.26"]
[SourceVersion "1"]
[SourceVersionDate "2016.04.26"]
[SourceQuality "1"]

1. e4 c5 2. Nf3 d6 3. d4 cxd4 4. Nxd4 Nf6 5. Nc3 g6 6. Be3 Bg7 7. f3 O-O 8. Qd2
Nc6 9. Bc4 Bd7 10. O-O-O Rc8 11. Bb3 Ne5 12. Kb1 Nc4 13. Bxc4 Rxc4 14. g4 b5
15. b3 Rc8 16. Ndxb5 Qa5 17. Nd5 Qxb5 18. Nxe7+ Kh8 19. Nxc8 Rxc8 20. Qxd6 Bxg4
21. fxg4 Nxe4 22. Qd8+ Rxd8 23. Rxd8+ Bf8 24. Bh6 1-0

[Event "Sao Paulo Freitas op 2nd"]
[Site "Sao Paulo"]
[Date "2016.04.16"]
[Round "3"]
[White "Tsuboi, Edson Kenji"]
[Black "Mekhitarian, Krikor Sevag"]
[Result "0-1"]
[WhiteElo "2267"]
[BlackElo "2570"]
[PlyCount "46"]
[EventDate "2016.04.15"]
[EventType "swiss"]
[EventRounds "6"]
[EventCountry "BRA"]
[SourceTitle "CBM 171 Extra"]
[Source "ChessBase"]
[SourceDate "2016.04.26"]
[SourceVersion "1"]
[SourceVersionDate "2016.04.26"]
[SourceQuality "1"]

1. d4 Nf6 2. c4 e6 3. Nf3 d5 4. e3 c5 5. Nc3 a6 6. a3 dxc4 7. Bxc4 b5 8. Ba2
Bb7 9. O-O Nbd7 10. Qe2 Bd6 11. dxc5 Nxc5 12. b4 Ncd7 13. Rd1 Qc7 14. Bb2 Rc8
15. e4 O-O 16. Qd3 Bf4 17. g3 Ne5 18. Nxe5 Bxe5 19. Rac1 Qb6 20. Qe2 Bxc3 21.
Bxc3 Nxe4 22. Bb2 Rxc1 23. Rxc1 Rd8 0-1